Movies Quiz

Random Movies or Grab Bag Quiz

Almost Useless Disney Trivia II Quiz Stats

Quiz Updated Dec 4, 2014

Challenge
Share
Tweet
Embed
Score 0/24 Timer 04:00
13 Plays Today
Clue Answer % Correct
EasyGlass Slipper
99%
EasyBalloons
93.1%
EasyWALL-E
92.1%
EasyHercules
91.2%
EasyNo Worries
88.9%
MediumDoc
87.1%
MediumThree Days
85.4%
EasyDragon
82.6%
EasyAurora
76.2%
MediumShort Term Memory Loss
73.4%
EasyQueen of Hearts
71.2%
MediumAbominable Snowman
59.5%
Clue Answer % Correct
MediumWhen You Wish Upon A Star
53.9%
MediumNana
52.4%
DifficultTraffic Cones
43.1%
MediumShere Khan
41.6%
MediumMeeko
35.2%
DifficultExperiment 626
29.3%
DifficultSir Hiss
22.5%
DifficultRolly
14.9%
DifficultRust-eze
12%
DifficultPigeon
10.6%
DifficultP.T. Flea
8.6%
DifficultGeorgette
5.4%

You're not logged in!

Compare scores with friends on all Sporcle quizzes.
Join for Free
OR
Log In

You Might Also Like...

Show Comments

Extras

Top Quizzes Today


Score Distribution

Your Account Isn't Verified!

In order to create a playlist on Sporcle, you need to verify the email address you used during registration. Go to your Sporcle Settings to finish the process.

Report this User

Report this user for behavior that violates our Community Guidelines.

Details: